01188nam a2200253Ia 450000500170000000800410001702000190005808200190007710000250009624500550012125000190017630000550019549000160025050001990026650502290046565000270069494200120072126400630073333600270079633700330082333800280085604000350088499900150091920220317001143.0160825s2009 ck a g 000 0 spa  a9789586827201204a631.587 bG87r1 aGurovich R., Luis A.10aRiego superficial tecnificadocLuis A. Gurovich R. a2a. edición  a610 páginas bilustracionesc21 cm e2 disquetes aAgronomía aIncluye índice temático. Incluye 2 Disquetes. Disquete 1 tiene como título: SRSP Sistema riego superficial programado ; Disquete 2 tiene como título: SFP Sistema fertigación programada aEl agua en el suelo -- Requerimientos de agua de los cultivos -- Preparación del suelo para el riego y el drenaje -- Eficiencia agronómica del riego y sus componentes -- Selección, operación y evaluación del riego 142LEMBaRiegovManuales  2ddccBK aBogotábAlfaomegabUniversidad Católica de Chilec1999 atextobtxt2rdacontent asin mediaciónbn2rdamedia avolumenbnc2rdacarrier aCO-BoRNBPbspaerdacCO-BoRNBP c6093d6093